[Event "Hastings Hybrid KO/Open"]
[Site "Hastings"]
[Date "2005.01.05"]
[Round "9"]
[White "Barsov, Alexei"]
[Black "Zude, Erik"]
[Result "1-0"]
[WhiteElo "2471"]
[BlackElo "2385"]
[PlyCount "123"]
[EventDate "2004.12.28"]
[EventType "swiss"]
[EventCountry "ENG"]
[SourceTitle "BCM-0004"]
[Source "bcmchess.co.uk"]
[SourceDate "2005.02.07"]
[SourceVersion "1"]
[SourceVersionDate "2005.02.07"]
[SourceQuality "2"]

1. d4 Nf6 2. c4 g6 3. Nf3 Bg7 4. g3 O-O 5. Bg2 d6 6. O-O Nc6 7. Nc3 a6 8. d5
Na5 9. b3 Rb8 10. Bd2 c5 11. dxc6 bxc6 12. Qc1 Re8 13. c5 Nd7 14. Rb1 d5 15.
Rd1 f5 16. Ng5 e6 17. h4 Nf6 18. Qa3 Nb7 19. Qxa6 Nxc5 20. Qxc6 Bf8 21. Bf4 Rb6
22. Qc7 Qxc7 23. Bxc7 Rc6 24. Be5 Ncd7 25. Bd4 e5 26. Nxd5 exd4 27. Ne7+ Rxe7
28. Bxc6 Rxe2 29. Bb5 Rxa2 30. Rbc1 Nb6 31. Rxd4 h6 32. Nh3 Bd7 33. Bxd7 Nfxd7
34. Rc7 Rb2 35. Rcxd7 Nxd7 36. Rxd7 Rxb3 37. Nf4 Rb6 38. h5 gxh5 39. Nxh5 Rc6
40. Kg2 Ba3 41. Kf3 Kf8 42. Kf4 Rc5 43. Ng7 Bc1+ 44. Kf3 Kg8 45. Ne6 Re5 46.
Nf4 Ra5 47. Nd3 Bg5 48. Kg2 Ra2 49. Rd5 Rd2 50. Kf1 f4 51. gxf4 Bh4 52. Ke1 Ra2
53. Rh5 Ra3 54. Ke2 Bf6 55. Rxh6 Kg7 56. Rh5 Kg6 57. Rd5 Ra4 58. Ke3 Ra3 59.
Kf3 Ra1 60. Nb4 Rc1 61. Rd6 Kf5 62. Nd5 1-0

[Event "Hastings Hybrid KO/Open"]
[Site "Hastings"]
[Date "2005.01.05"]
[Round "9"]
[White "Belov, Vladimir"]
[Black "Socko, Bartosz"]
[Result "1-0"]
[WhiteElo "2552"]
[BlackElo "2570"]
[PlyCount "87"]
[EventDate "2004.12.28"]
[EventType "swiss"]
[EventCountry "ENG"]
[SourceTitle "BCM-0004"]
[Source "bcmchess.co.uk"]
[SourceDate "2005.02.07"]
[SourceVersion "1"]
[SourceVersionDate "2005.02.07"]
[SourceQuality "2"]

1. e4 e6 2. d4 d5 3. Nc3 Bb4 4. e5 c5 5. a3 Bxc3+ 6. bxc3 Ne7 7. Qg4 Kf8 8. a4
Qc7 9. Nf3 cxd4 10. Qxd4 Nbc6 11. Qc5 f6 12. Bb5 Kf7 13. O-O a6 14. Bxc6 Qxc6
15. Qd4 Bd7 16. Rb1 b5 17. Re1 Qc4 18. Qd2 Rac8 19. axb5 axb5 20. Rb3 Ng6 21.
Bb2 Qc7 22. Rb4 Qb8 23. c4 Rxc4 24. h4 Rxb4 25. Qxb4 f5 26. h5 Ne7 27. Qd6 h6
28. Nd4 Rd8 29. Ra1 Qxd6 30. exd6 Nc8 31. Ra8 Ke8 32. Ra6 b4 33. f4 Kf7 34. Kf2
g6 35. hxg6+ Kxg6 36. Nf3 Kf7 37. Ra8 Bb5 38. Rb8 Ba4 39. Ra8 Bb5 40. Rb8 Ba4
41. Bd4 Kf8 42. Ne5 Ke8 43. Bc5 Bd7 44. Rxb4 1-0

[Event "Hastings Hybrid KO/Open"]
[Site "Hastings"]
[Date "2005.01.05"]
[Round "9"]
[White "Hendriks, Willy"]
[Black "Socko, Monika"]
[Result "0-1"]
[WhiteElo "2396"]
[BlackElo "2439"]
[PlyCount "104"]
[EventDate "2004.12.28"]
[EventType "swiss"]
[EventCountry "ENG"]
[SourceTitle "BCM-0004"]
[Source "bcmchess.co.uk"]
[SourceDate "2005.02.07"]
[SourceVersion "1"]
[SourceVersionDate "2005.02.07"]
[SourceQuality "2"]

1. e4 e6 2. d4 d5 3. e5 c5 4. c3 Nc6 5. Nf3 Bd7 6. Be2 f6 7. O-O fxe5 8. Nxe5
Nxe5 9. dxe5 Qc7 10. Bf4 O-O-O 11. Nd2 Bc6 12. b4 Ne7 13. Nb3 g5 14. Bg3 Nf5
15. bxc5 h5 16. f4 Ne3 17. Qd3 Nxf1 18. Rxf1 h4 19. Bf2 h3 20. gxh3 gxf4 21.
Nd4 Bxc5 22. Nxe6 Bxf2+ 23. Kxf2 Qb6+ 24. Nd4 Kb8 25. Bg4 Rdg8 26. Rb1 Qc5 27.
e6 Be8 28. Qf3 Ka8 29. Re1 Rh7 30. Re5 Bc6 31. Rf5 Rc7 32. Rxf4 a6 33. Qe3 Be8
34. Ne2 Qd6 35. Ng3 Rxc3 36. Qxc3 Qxf4+ 37. Kg1 Bc6 38. Ne2 Qc4 39. Qxc4 dxc4
40. Kf2 b5 41. a3 Kb7 42. Ke3 Kc7 43. Nd4 Rd8 44. h4 Be8 45. Bf5 Kd6 46. Kf4 a5
47. Kg5 Ke7 48. Nc2 Rd2 49. Ne3 Rxh2 50. Nd5+ Kd6 51. Nf6 Rg2+ 52. Bg4 Bc6 0-1

[Event "Hastings Hybrid KO/Open"]
[Site "Hastings"]
[Date "2005.01.05"]
[Round "9"]
[White "Kotronias, Vasilios"]
[Black "Pert, Nicholas"]
[Result "1/2-1/2"]
[WhiteElo "2599"]
[BlackElo "2501"]
[PlyCount "105"]
[EventDate "2004.12.28"]
[EventType "swiss"]
[EventCountry "ENG"]
[SourceTitle "BCM-0004"]
[Source "bcmchess.co.uk"]
[SourceDate "2005.02.07"]
[SourceVersion "1"]
[SourceVersionDate "2005.02.07"]
[SourceQuality "2"]

1. e4 e6 2. d4 d5 3. Nd2 Nf6 4. e5 Nfd7 5. c3 c5 6. Bd3 Nc6 7. Ne2 cxd4 8. cxd4
f6 9. exf6 Nxf6 10. Nf3 Bd6 11. O-O Qb6 12. b3 O-O 13. Bf4 Bxf4 14. Nxf4 Ne4
15. g3 Nxd4 16. Bxe4 dxe4 17. Qxd4 exf3 18. Qxb6 axb6 19. Rfe1 Bd7 20. a4 Rae8
21. h4 Rf7 22. Nd3 Bc6 23. Ne5 Rfe7 24. Re3 Bd5 25. Rc1 Rf8 26. Kh2 g6 27. Rcc3
Kg7 28. Nd3 Rff7 29. g4 h6 30. Kg3 g5 31. h5 Rc7 32. Ne5 Rfe7 33. Nxf3 Rxc3 34.
Rxc3 e5 35. Rd3 Bxf3 36. Rxf3 Rd7 37. Rc3 e4 38. f3 Kf6 39. Rc4 e3 40. Re4 Rd3
41. Rb4 Rd1 42. Re4 Rd3 43. b4 Rb3 44. b5 Ra3 45. Kg2 Ra2+ 46. Kh3 Ra3 47. Kg3
Rb3 48. f4 e2+ 49. Kf2 gxf4 50. Rxf4+ Kg5 51. Re4 Ra3 52. Kxe2 Rg3 53. Re7
1/2-1/2

[Event "Hastings Hybrid KO/Open"]
[Site "Hastings"]
[Date "2005.01.06"]
[Round "10"]
[White "Socko, Bartosz"]
[Black "Belov, Vladimir"]
[Result "1/2-1/2"]
[WhiteElo "2570"]
[BlackElo "2552"]
[PlyCount "64"]
[EventDate "2004.12.28"]
[EventType "swiss"]
[EventCountry "ENG"]
[SourceTitle "BCM-0004"]
[Source "bcmchess.co.uk"]
[SourceDate "2005.02.07"]
[SourceVersion "1"]
[SourceVersionDate "2005.02.07"]
[SourceQuality "2"]

1. g3 d5 2. c4 c6 3. Qc2 e5 4. Bg2 Nf6 5. d3 h6 6. Nf3 Bd6 7. O-O O-O 8. Nc3 d4
9. Ne4 Nxe4 10. dxe4 a5 11. c5 Bc7 12. e3 Na6 13. exd4 exd4 14. Rd1 Bg4 15.
Rxd4 Qf6 16. e5 Qf5 17. Qxf5 Bxf5 18. Rc4 Nb4 19. Bd2 Nd3 20. Nd4 Nxe5 21. Ra4
Bh7 22. Nb3 Nd3 23. Bc3 Rfe8 24. Bf1 b5 25. cxb6 Bxb6 26. Nd4 Nc5 27. Rc4 Be4
28. Nb3 Nxb3 29. axb3 Bd5 30. Rg4 g5 31. Bg2 Re2 32. Rf1 Rd8 1/2-1/2

[Event "Hastings KO Blitz Play-Offs"]
[Site "Hastings"]
[Date "2004.12.28"]
[Round "1.2"]
[White "Grant, Alan"]
[Black "Lalic, Bogdan"]
[Result "0-1"]
[WhiteElo "2206"]
[BlackElo "2515"]
[PlyCount "62"]
[EventDate "2004.12.28"]
[EventType "match (blitz)"]
[EventCountry "ENG"]
[SourceTitle "BCM-0004"]
[Source "bcmchess.co.uk"]
[SourceDate "2005.02.07"]
[SourceVersion "1"]
[SourceVersionDate "2005.02.07"]
[SourceQuality "2"]

1. Nf3 Nf6 2. g3 d5 3. Bg2 g6 4. O-O Bg7 5. d3 O-O 6. Nbd2 Nc6 7. c3 e5 8. e4
a5 9. a4 h6 10. h3 Re8 11. Qc2 Be6 12. Re1 Qd7 13. exd5 Nxd5 14. Kh2 f5 15. Nb3
b6 16. Bd2 Qf7 17. Nc1 Rad8 18. Re2 Bc8 19. Rb1 e4 20. dxe4 fxe4 21. Ne1 Nf6
22. Be3 Ne5 23. b4 Nf3+ 24. Kh1 Nd5 25. Na2 Be6 26. bxa5 Nxe3 27. fxe3 Be5 28.
axb6 Bxg3 29. bxc7 Bxc7 30. Nxf3 exf3 31. Bxf3 Qxf3+ 0-1

[Event "Hastings KO Blitz Play-Offs"]
[Site "Hastings"]
[Date "2004.12.29"]
[Round "2.1"]
[White "Grant, Alan"]
[Black "Socko, Monika"]
[Result "1/2-1/2"]
[WhiteElo "2206"]
[BlackElo "2439"]
[PlyCount "79"]
[EventDate "2004.12.28"]
[EventType "match (blitz)"]
[EventCountry "ENG"]
[SourceTitle "BCM-0004"]
[Source "bcmchess.co.uk"]
[SourceDate "2005.02.07"]
[SourceVersion "1"]
[SourceVersionDate "2005.02.07"]
[SourceQuality "2"]

1. c4 g6 2. g3 Bg7 3. Bg2 Nf6 4. Nc3 d6 5. d3 O-O 6. Bg5 h6 7. Bd2 e5 8. e4 Nc6
9. Nge2 Be6 10. Nd5 Kh7 11. O-O Nd4 12. Nxd4 exd4 13. b4 Nxd5 14. cxd5 Bd7 15.
Rb1 c6 16. dxc6 bxc6 17. Bf4 Be6 18. Qa4 Qd7 19. Rfc1 Rac8 20. Rc2 d5 21. Rbc1
dxe4 22. Bxe4 Bd5 23. Bxd5 Qxd5 24. Rc5 Qf3 25. Qd1 Qxd1+ 26. Rxd1 g5 27. Bd2
Rfe8 28. Re1 Rxe1+ 29. Bxe1 Re8 30. Kf1 Re6 31. Ra5 Re7 32. Rc5 Re6 33. g4 Be5
34. h3 Bf4 35. Rc2 Kg6 36. Bd2 Bxd2 37. Rxd2 f5 38. Rc2 fxg4 39. hxg4 h5 40.
gxh5+ 1/2-1/2

[Event "Hastings KO Blitz Play-Offs"]
[Site "Hastings"]
[Date "2004.12.29"]
[Round "2.1"]
[White "Kaufman, Raymond"]
[Black "Rudd, Jack"]
[Result "0-1"]
[WhiteElo "2211"]
[BlackElo "2291"]
[PlyCount "73"]
[EventDate "2004.12.28"]
[EventType "match (blitz)"]
[EventCountry "ENG"]
[SourceTitle "BCM-0004"]
[Source "bcmchess.co.uk"]
[SourceDate "2005.02.07"]
[SourceVersion "1"]
[SourceVersionDate "2005.02.07"]
[SourceQuality "2"]

1. e4 c5 2. Nf3 d6 3. Bb5+ Bd7 4. Bxd7+ Qxd7 5. O-O Nc6 6. Qe2 g6 7. c3 Bg7 8.
Rd1 e5 9. Na3 Nge7 10. Nc2 O-O 11. d4 cxd4 12. cxd4 Qc7 13. d5 Nb8 14. Be3 Nd7
15. Rac1 a6 16. Na3 Qd8 17. Nc4 Nc8 18. b4 f5 19. Ng5 Qe7 20. Ne6 Rf7 21. f3 f4
22. Bf2 Nf8 23. Nxf8 Bxf8 24. Nb6 Nxb6 25. Bxb6 Qe8 26. Qc4 Qb5 27. Bf2 Be7 28.
Qb3 a5 29. Rc4 axb4 30. Rxb4 Qe2 31. a4 Rc8 32. Re1 Qd2 33. Rxb7 Rc2 34. Rf1
Bh4 35. Rxf7 Bxf2+ 36. Kh1 Bb6 37. Rg1 0-1

[Event "Hastings KO Blitz Play-Offs"]
[Site "Hastings"]
[Date "2004.12.29"]
[Round "2.1"]
[White "Lalic, Bogdan"]
[Black "Stevens, Christian"]
[Result "1/2-1/2"]
[WhiteElo "2515"]
[BlackElo "2287"]
[PlyCount "94"]
[EventDate "2004.12.28"]
[EventType "match (blitz)"]
[EventCountry "ENG"]
[SourceTitle "BCM-0004"]
[Source "bcmchess.co.uk"]
[SourceDate "2005.02.07"]
[SourceVersion "1"]
[SourceVersionDate "2005.02.07"]
[SourceQuality "2"]

1. d4 Nf6 2. c4 Nc6 3. Nc3 e5 4. d5 Ne7 5. h4 Nf5 6. Nf3 e4 7. Nd4 d6 8. e3 Be7
9. Be2 h5 10. Qa4+ Bd7 11. Qb3 Rb8 12. Qc2 Nxd4 13. exd4 Bf5 14. Be3 O-O 15.
O-O-O c6 16. dxc6 bxc6 17. d5 c5 18. Rdg1 Ng4 19. Nxe4 Nxe3 20. fxe3 Bxe4 21.
Qxe4 Bf6 22. b3 Qa5 23. Qc2 Qa3+ 24. Kd1 a5 25. Rh3 a4 26. e4 axb3 27. Rxb3
Rxb3 28. Qxb3 Ra8 29. Qxa3 Rxa3 30. Rf1 Bxh4 31. e5 Rxa2 32. exd6 Ra6 33. Bxh5
g6 34. Bf3 Rxd6 35. Kc2 Bf6 36. Rb1 Ra6 37. Rb7 Kf8 38. Bg4 Ra2+ 39. Kd3 Rxg2
40. Bd7 Rg3+ 41. Ke2 Rc3 42. Bb5 Rh3 43. d6 Kg7 44. Be8 Kf8 45. Bxf7 Rh7 46.
Bd5 Rxb7 47. Bxb7 Ke8 1/2-1/2

[Event "Hastings KO Blitz Play-Offs"]
[Site "Hastings"]
[Date "2004.12.29"]
[Round "2.1"]
[White "Liassota, Evgueni"]
[Black "Pafura, Godfrey"]
[Result "0-1"]
[WhiteElo "2348"]
[BlackElo "2105"]
[PlyCount "88"]
[EventDate "2004.12.28"]
[EventType "match (blitz)"]
[EventCountry "ENG"]
[SourceTitle "BCM-0004"]
[Source "bcmchess.co.uk"]
[SourceDate "2005.02.07"]
[SourceVersion "1"]
[SourceVersionDate "2005.02.07"]
[SourceQuality "2"]

1. e4 c6 2. d4 d5 3. e5 Bf5 4. h4 h6 5. c4 e6 6. Nc3 Bb4 7. Nf3 Ne7 8. a3 Bxc3+
9. bxc3 Qa5 10. Bd2 Nd7 11. c5 Qd8 12. Be2 O-O 13. Qc1 Be4 14. Rh3 f6 15. exf6
Rxf6 16. Bf4 Bxf3 17. Bxf3 e5 18. dxe5 Nxe5 19. Be2 N7g6 20. Be3 Qe7 21. Qb2
Nf4 22. Bxf4 Rxf4 23. Re3 Re8 24. Qd2 Rxh4 25. O-O-O Qxc5 26. Qb2 Rf4 27. Bf1
Re7 28. Kb1 Ra4 29. Ka2 Nc4 30. Bxc4 Qxc4+ 31. Ka1 Rxe3 32. fxe3 Ra6 33. Rd4
Qf1+ 34. Ka2 Rb6 35. Qc2 c5 36. Rf4 Qb5 37. e4 Qc4+ 38. Ka1 Rb3 39. exd5 Rxa3+
40. Kb2 Qa2+ 41. Kc1 Qa1+ 42. Kd2 Ra2 43. d6 Rxc2+ 44. Kxc2 Qa2+ 0-1

[Event "Hastings KO Blitz Play-Offs"]
[Site "Hastings"]
[Date "2004.12.29"]
[Round "2.1"]
[White "Neverov, Valery"]
[Black "Gormally, Daniel W"]
[Result "0-1"]
[WhiteElo "2536"]
[BlackElo "2472"]
[PlyCount "124"]
[EventDate "2004.12.28"]
[EventType "match (blitz)"]
[EventCountry "ENG"]
[SourceTitle "BCM-0004"]
[Source "bcmchess.co.uk"]
[SourceDate "2005.02.07"]
[SourceVersion "1"]
[SourceVersionDate "2005.02.07"]
[SourceQuality "2"]

1. d4 Nf6 2. c4 e6 3. Nf3 b6 4. Nc3 Bb4 5. e3 Bb7 6. Bd3 Ne4 7. O-O Bxc3 8.
bxc3 O-O 9. Nd2 f5 10. f3 Nxd2 11. Qxd2 Nc6 12. Ba3 d6 13. e4 fxe4 14. Bxe4 Na5
15. Bd3 c5 16. Rae1 Qf6 17. dxc5 dxc5 18. Qc2 h6 19. Bc1 Rad8 20. Rf2 Rd6 21.
Bf1 Qf5 22. Qxf5 exf5 23. Rfe2 Ba6 24. Re7 Rf7 25. Bf4 Rd7 26. Rxf7 Kxf7 27. g3
Bxc4 28. Bh3 Be6 29. Be5 g5 30. f4 Nc4 31. Bb8 Rb7 32. Be5 Nxe5 33. Rxe5 Kf6
34. a3 Rd7 35. Kf2 Rd1 36. Re1 Rd6 37. Bf1 Bb3 38. Ke3 Bd5 39. Rd1 Re6+ 40. Kf2
Bb3 41. Rd7 gxf4 42. gxf4 Re4 43. Rxa7 Rxf4+ 44. Ke1 Ra4 45. Rb7 Rxa3 46. Rxb6+
Kg5 47. h4+ Kxh4 48. Rxh6+ Kg3 49. Rh3+ Kf4 50. Rh4+ Kg3 51. Rh3+ Kg4 52. Rh7
Bd5 53. Be2+ Kf4 54. Rh4+ Kg3 55. Rh5 Be4 56. Kd2 f4 57. Rxc5 Ra2+ 58. Ke1 f3
59. Bc4 Rb2 60. Kd1 Kf4 61. Rb5 Rh2 62. Rb3 Bc2+ 0-1

[Event "Hastings KO Blitz Play-Offs"]
[Site "Hastings"]
[Date "2004.12.29"]
[Round "2.2"]
[White "Gormally, Daniel W"]
[Black "Neverov, Valery"]
[Result "1-0"]
[WhiteElo "2472"]
[BlackElo "2536"]
[PlyCount "59"]
[EventDate "2004.12.28"]
[EventType "match (blitz)"]
[EventCountry "ENG"]
[SourceTitle "BCM-0004"]
[Source "bcmchess.co.uk"]
[SourceDate "2005.02.07"]
[SourceVersion "1"]
[SourceVersionDate "2005.02.07"]
[SourceQuality "2"]

1. d4 Nf6 2. Nf3 g6 3. c4 Bg7 4. Nc3 O-O 5. e4 d6 6. Be2 Bg4 7. Be3 Nfd7 8. Ng1
Bxe2 9. Ngxe2 c5 10. O-O Nc6 11. d5 Na5 12. b3 a6 13. Rc1 Rb8 14. a4 Nf6 15. h3
Ne8 16. f4 Nc7 17. e5 b5 18. axb5 axb5 19. Ne4 bxc4 20. bxc4 Na6 21. N2g3 dxe5
22. f5 Nb3 23. Rb1 Nd4 24. Rxb8 Qxb8 25. d6 exd6 26. f6 Bh8 27. Bxd4 cxd4 28.
Nf5 gxf5 29. Qh5 Rd8 30. Ng5 1-0

[Event "Hastings KO Blitz Play-Offs"]
[Site "Hastings"]
[Date "2004.12.29"]
[Round "2.2"]
[White "Pafura, Godfrey"]
[Black "Liassota, Evgueni"]
[Result "0-1"]
[WhiteElo "2105"]
[BlackElo "2348"]
[PlyCount "91"]
[EventDate "2004.12.28"]
[EventType "match (blitz)"]
[EventCountry "ENG"]
[SourceTitle "BCM-0004"]
[Source "bcmchess.co.uk"]
[SourceDate "2005.02.07"]
[SourceVersion "1"]
[SourceVersionDate "2005.02.07"]
[SourceQuality "2"]

1. Nf3 e6 2. g3 d5 3. d4 c5 4. c3 Nc6 5. Bg2 Qb6 6. O-O f5 7. e3 Nf6 8. Nbd2
Bd6 9. c4 O-O 10. cxd5 exd5 11. dxc5 Qxc5 12. Nb3 Qb6 13. Nbd4 Bd7 14. Qb3 Qa6
15. a4 Ne7 16. Rd1 Rab8 17. Bf1 Qa5 18. Bd2 Qd8 19. Nb5 Bc5 20. Bb4 Bxb4 21.
Qxb4 a6 22. Nbd4 Ne4 23. Ne5 Rf6 24. a5 Be8 25. f3 Ng5 26. Ra3 Nf7 27. Nxf7
Bxf7 28. Rb3 Qd7 29. f4 h6 30. Nf3 Nc6 31. Qd2 Rd8 32. Rb6 Bh5 33. Be2 Qe7 34.
Kf2 Kh7 35. b4 Re8 36. Rxc6 Rxc6 37. Ne5 Bxe2 38. Nxc6 bxc6 39. Kxe2 Qe4 40.
Kf2 Rb8 41. Qd4 Qc2+ 42. Qd2 Qb3 43. Rc1 Rxb4 44. Rxc6 Ra4 45. Rc2 Ra3 46. Rb2
{White Lost on Time} 0-1

[Event "Hastings KO Blitz Play-Offs"]
[Site "Hastings"]
[Date "2004.12.29"]
[Round "2.2"]
[White "Rudd, Jack"]
[Black "Kaufman, Raymond"]
[Result "1-0"]
[WhiteElo "2291"]
[BlackElo "2211"]
[PlyCount "115"]
[EventDate "2004.12.28"]
[EventType "match (blitz)"]
[EventCountry "ENG"]
[SourceTitle "BCM-0004"]
[Source "bcmchess.co.uk"]
[SourceDate "2005.02.07"]
[SourceVersion "1"]
[SourceVersionDate "2005.02.07"]
[SourceQuality "2"]

1. e4 e5 2. Nf3 Nc6 3. Bb5 a6 4. Ba4 Nf6 5. O-O Nxe4 6. d4 b5 7. Bb3 d5 8. dxe5
Be6 9. c3 Be7 10. Nbd2 Nc5 11. Bc2 d4 12. cxd4 Nxd4 13. Nxd4 Qxd4 14. Qe2 O-O
15. Nf3 Qc4 16. Re1 Qxe2 17. Rxe2 Bg4 18. Be3 Bxf3 19. gxf3 Rad8 20. Rc1 Ne6
21. Be4 c5 22. f4 g6 23. Ree1 Nd4 24. Kg2 Rd7 25. Red1 Rfd8 26. b3 Nf5 27. Rxd7
Nxe3+ 28. fxe3 Rxd7 29. Rc2 Kg7 30. Kf3 h5 31. e6 Rd1 32. exf7 Kxf7 33. Rg2 Rd6
34. Ke2 Bf8 35. Rg5 Rb6 36. f5 gxf5 37. Rxf5+ Rf6 38. Rxh5 Rh6 39. Rxh6 Bxh6
40. Bb7 a5 41. Bc6 b4 42. h4 Ke6 43. Kd3 Ke5 44. h5 Bg5 45. Be8 Bh6 46. Bg6 Bg5
47. e4 Bh6 48. Kc4 Kd6 49. Kb5 Bd2 50. Bf7 Ke7 51. Bd5 Kd6 52. Kxa5 Be3 53. Kb5
Bh6 54. Kb6 Be3 55. Kb7 Bg5 56. Kc8 Ke5 57. Kd7 Bh6 58. Ke7 1-0

[Event "Hastings KO Blitz Play-Offs"]
[Site "Hastings"]
[Date "2004.12.29"]
[Round "2.2"]
[White "Socko, Monika"]
[Black "Grant, Alan"]
[Result "1-0"]
[WhiteElo "2439"]
[BlackElo "2206"]
[PlyCount "97"]
[EventDate "2004.12.28"]
[EventType "match (blitz)"]
[EventCountry "ENG"]
[SourceTitle "BCM-0004"]
[Source "bcmchess.co.uk"]
[SourceDate "2005.02.07"]
[SourceVersion "1"]
[SourceVersionDate "2005.02.07"]
[SourceQuality "2"]

1. d4 e6 2. Nf3 f5 3. g3 Nf6 4. Bg2 Be7 5. O-O O-O 6. b3 d6 7. Bb2 Ne4 8. Nbd2
Nc6 9. e3 Nxd2 10. Nxd2 Bf6 11. Nc4 Bd7 12. Qd2 Qe7 13. Rad1 Rae8 14. a4 Nd8
15. Rfe1 Kh8 16. e4 fxe4 17. Bxe4 b6 18. Ne3 Qf7 19. c4 Qh5 20. Ng2 Bg5 21. f4
Bf6 22. Re3 Qf7 23. Qc2 g6 24. Ree1 Bc8 25. Ne3 Bb7 26. Qg2 Bxe4 27. Qxe4 c5
28. Re2 d5 29. Qd3 Bg7 30. dxc5 bxc5 31. Bxg7+ Qxg7 32. cxd5 exd5 33. Nxd5 Nc6
34. Rxe8 Rxe8 35. Qb5 Rc8 36. Qxc5 h5 37. Qc3 Qxc3 38. Nxc3 Na5 39. Ne4 Rc7 40.
b4 Nb3 41. Rd3 Nc1 42. Rd2 Rc4 43. Nf6 Rc6 44. Nd5 Kg7 45. Kf2 Nb3 46. Re2 Kf8
47. h3 Rd6 48. Nc7 Rd4 49. Ne6+ 1-0

[Event "Hastings KO Blitz Play-Offs"]
[Site "Hastings"]
[Date "2004.12.29"]
[Round "2.2"]
[White "Stevens, Christian"]
[Black "Lalic, Bogdan"]
[Result "1-0"]
[WhiteElo "2287"]
[BlackElo "2515"]
[PlyCount "30"]
[EventDate "2004.12.28"]
[EventType "match (blitz)"]
[EventCountry "ENG"]
[SourceTitle "BCM-0004"]
[Source "bcmchess.co.uk"]
[SourceDate "2005.02.07"]
[SourceVersion "1"]
[SourceVersionDate "2005.02.07"]
[SourceQuality "2"]

1. e4 e6 2. d4 d5 3. Nd2 Nf6 4. e5 Nfd7 5. f4 c5 6. c3 Nc6 7. Ndf3 Qa5 8. Kf2
b5 9. Be3 b4 10. Ne2 Rb8 11. Rg1 Ba6 12. Rc1 bxc3 13. bxc3 Rb2 14. g4 Be7 15.
f5 Nb6 {Illegible} 1-0

[Event "Hastings KO Blitz Play-Offs"]
[Site "Hastings"]
[Date "2004.12.29"]
[Round "2.3"]
[White "Donovan, Nigel"]
[Black "Norinkeviciute, Rasa"]
[Result "1-0"]
[WhiteElo "2130"]
[BlackElo "2032"]
[PlyCount "53"]
[EventDate "2004.12.28"]
[EventType "match (blitz)"]
[EventCountry "ENG"]
[SourceTitle "BCM-0004"]
[Source "bcmchess.co.uk"]
[SourceDate "2005.02.07"]
[SourceVersion "1"]
[SourceVersionDate "2005.02.07"]
[SourceQuality "2"]

1. e4 c5 2. Nf3 d6 3. Bb5+ Bd7 4. Bxd7+ Qxd7 5. O-O Nc6 6. c3 e6 7. d4 cxd4 8.
cxd4 Nf6 9. Nc3 Be7 10. Re1 O-O 11. d5 Ne5 12. Nxe5 dxe5 13. Bg5 Rfd8 14. Qf3
Rac8 15. Rad1 exd5 16. Bxf6 Bxf6 17. Nxd5 Qe6 18. Rd2 Bg5 19. Rde2 g6 20. Qg3
Bh6 21. Qh4 Kg7 22. g4 f6 23. Qg3 Rc4 24. Ne3 Bxe3 25. Rxe3 Rcd4 26. R3e2 Qxa2
27. f4 {At this point black played the illegal move Qc5 and so lost.} 1-0

[Event "Hastings KO Blitz Play-Offs"]
[Site "Hastings"]
[Date "2004.12.29"]
[Round "2.3"]
[White "Pafura, Godfrey"]
[Black "Liassota, Evgueni"]
[Result "0-1"]
[WhiteElo "2105"]
[BlackElo "2348"]
[PlyCount "73"]
[EventDate "2004.12.28"]
[EventType "match (blitz)"]
[EventCountry "ENG"]
[SourceTitle "BCM-0004"]
[Source "bcmchess.co.uk"]
[SourceDate "2005.02.07"]
[SourceVersion "1"]
[SourceVersionDate "2005.02.07"]
[SourceQuality "2"]

1. Nf3 e6 2. g3 c5 3. Bg2 Nc6 4. O-O d5 5. d4 Qb6 6. c3 cxd4 7. cxd4 Bd6 8. Nc3
f5 9. e3 Nf6 10. Nd2 O-O 11. Nb3 Qd8 12. f3 a5 13. e4 dxe4 14. fxe4 Bc7 15.
exf5 exf5 16. d5 Ne5 17. Kh1 Bb6 18. Bf4 Neg4 19. Qc2 a4 20. Nc1 Bd7 21. Nd3
Qe8 22. Rae1 Qh5 23. h3 g5 24. Be5 Rf7 25. Bxf6 Rxf6 26. Ne5 Nxe5 27. Rxe5 g4
28. h4 Bc7 29. d6 Bxd6 30. Bd5+ Kh8 31. Re3 f4 32. Ne4 Qxd5 33. Rd3 Qc6 34.
Qxc6 Bxc6 35. Re1 Bxe4+ 36. Rxe4 fxg3 37. Rxg4 0-1